000 00955cam a2200181 4500
001 WB3922-17
008 030617n2003 000 0 eng u
035 _a(Sirsi) u122630
245 _aPartial regulatory impact assessment for Municipal Waste Recycling Bill
260 _c2003
490 _aRICS Minerals and Waste Management Faculty News
_v9 June 2003(1)
520 _aA partial regulatory impact assessment for the Municipal Waste Recycling Bill has been published by DEFRA. This Bill aims to increase the sustainability of waste management in the UK by ensuring that 50% of all municipal waste is recycled or composted by 2010. The Bill also requires waste disposal authorities to publish strategies to achieve sustainable waste management in their areas. www.rics.org/mwm/
590 _aTEST
650 _aMUNICIPAL WASTE RECYCLING BILL
650 _aRECYCLING
690 _aENVIRONMENTAL AND LAND CONSULTANCY-WASTE MANAGEMENT
942 _n0
999 _c72870
_d72870